| 000 | 01076nam a2200289 i 4500 | ||
|---|---|---|---|
| 001 | 69732 | ||
| 003 | Mx-PuUPA | ||
| 005 | 20220706104606.0 | ||
| 008 | 220615s2018 fluad||fr|||| 001 0 eng d | ||
| 020 |
_a9781138556614 _qpasta dura |
||
| 040 |
_aMx-PuUPA _bspa _cMx-PuUPA _dMx-PuUPA _erda |
||
| 041 | 0 | _aeng | |
| 100 | 1 |
_aFox, William P., _eautor _d1949- _912789 |
|
| 245 | 1 | 0 |
_aMathematical modeling for business analytics / _cby William P. Fox |
| 264 | 1 |
_aBoca Raton, FL : _bCRC Press Taylor & Francis Group, _c©2018 |
|
| 300 |
_axix, 429 páginas : _bilustraciones, gráficas, tablas ; _c24 cm |
||
| 336 |
_2rdacontent _atexto _btxt |
||
| 337 |
_2rdamedia _asin medio _bn |
||
| 338 |
_2rdacarrier _avolumen _bnc |
||
| 490 | 0 | _aTextbooks in mathematics | |
| 650 | 7 |
_2armarc _aToma de decisiones _xModelos matemáticos |
|
| 650 | 7 |
_2armarc _aAdministración _xModelos matemáticos |
|
| 942 |
_2ddc _cLI _h658.4033 _iF795 |
||
| 999 |
_c69732 _d69732 |
||